| Поле | Название | Значение |
| |
Тип записи |
a |
| |
Библиографический уровень |
m |
| 001 |
Контрольный номер |
RU/URAIT/585259 |
| 005 |
Дата корректировки |
20260429163559.4 |
| 008 |
Кодируемые данные |
260429s2026 RU y f j 000 0 rus u |
| 020 |
Индекс ISBN |
__ |
| a |
ISBN |
978-5-534-20437-7 |
| c |
Цена, тираж |
549.00 |
| 040 |
Источник каталогиз. |
__ |
| a |
Служба первич. каталог. |
ИКО Юрайт |
| c |
Служба, преобразующая запись |
ИКО Юрайт |
| e |
Правила каталог. |
RCR |
| 041 |
Код языка издания |
__ |
| a |
Код языка текста |
rus |
| 044 |
Код страны публикации |
__ |
| a |
Код страны публикации |
RU |
| 080 |
Индекс УДК |
__ |
| a |
Индекс УДК |
54(075.8) |
| 084 |
Индекс другой классификации/Индекс ББК |
__ |
| 2 |
Источник индекса |
rubbk |
| a |
Индекс другой классификации/Индекс ББК |
24.1я73 |
| 100 |
Автор |
__ |
| a |
Автор |
Апарнев А. И. |
| q |
Полное имя |
Апарнев Александр Иванович |
| 245 |
Заглавие |
__ |
| a |
Заглавие |
Общая химия |
| b |
Продолж. заглавия |
учебное пособие для вузов |
| c |
Ответственность |
А. И. Апарнев, Л. И. Афонина. |
| 250 |
Сведения об издании |
__ |
| g |
|
испр. и доп |
| a |
Основные сведения об издании |
2-е изд. |
| 256 |
Характеристики компьютерного файла |
__ |
| a |
Характеристики компьютерного файла |
Электрон. дан. |
| 260 |
Выходные данные |
__ |
| a |
Место издания |
Москва |
| b |
Издательство |
Юрайт |
| c |
Дата издания |
2026 |
| 300 |
Физическое описание |
__ |
| a |
Объем |
123 с |
| 440 |
Серия |
__ |
| a |
Серия |
Высшее образование |
| 500 |
Примечания |
__ |
| a |
Примечание |
URL: https://urait.ru/bcode/585259 (дата обращения: 29.04.2026). |
| 520 |
Аннотация |
__ |
| a |
Аннотация |
Настоящий курс охватывает основные разделы общей химии: химический эквивалент, окислительно-восстановительные реакции в растворах, энергетика и направление химических процессов, химическое равновесие, растворы, коллоидные системы, электрохимические процессы. Каждый раздел содержит краткое теоретическое введение, примеры решения задач и задания для самостоятельного решения. Для студентов высших учебных заведений, а также всех интересующихся общей химией. |
| 538 |
Прим. о системных особенностях |
__ |
| a |
Прим. о системных особенностях |
Режим доступа: Электронно-библиотечная система Юрайт, для авториз. пользователей |
| 653 |
Ключевые слова |
__ |
| a |
Ключевые слова |
Общая химия |
| 653 |
Ключевые слова |
__ |
| a |
Ключевые слова |
Естественные науки |
| 653 |
Ключевые слова |
__ |
| a |
Ключевые слова |
Химия |
| 653 |
Ключевые слова |
__ |
| a |
Ключевые слова |
Общая химия |
| 653 |
Ключевые слова |
__ |
| a |
Ключевые слова |
Основы химии |
| 653 |
Ключевые слова |
__ |
| a |
Ключевые слова |
Химия общая |
| 653 |
Ключевые слова |
__ |
| a |
Ключевые слова |
Введение в химию |
| 653 |
Ключевые слова |
__ |
| a |
Ключевые слова |
Основы общей химии |
| 653 |
Ключевые слова |
__ |
| a |
Ключевые слова |
Введение в общую химию |
| 700 |
Другие авторы |
__ |
| a |
Другие авторы |
Афонина Л. И. |
| q |
Полное имя |
Афонина Любовь Игоревна |
| 856 |
Электронный адрес документа |
40 |
| n |
Местонахождение сервера |
Юрайт |
| g |
|
Электронная книга |
| q |
Тип электронного формата |
html |
| h |
Имя пользователя |
ЮРАЙТ |
| v |
Часы доступа к ресурсу |
20271231 |
| 2 |
Способ доступа |
Показать документ |
| x |
Служебное примечание |
https://urait.ru/book/cover/08F2AFC7-675B-45C8-A2A2-F32A7CACE714 |
| u |
URL |
https://urait.ru/bcode/585259 |
| 856 |
Электронный адрес документа |
48 |
| q |
Тип электронного формата |
cover |
| u |
URL |
https://urait.ru/book/cover/08F2AFC7-675B-45C8-A2A2-F32A7CACE714 |
| 911 |
|
__ |
| u |
|
0030=https://urait.ru/bcode/585259 |
| 911 |
|
__ |
| u |
|
073a=9785534204377 |
| u |
|
073d=549.00 |
| 911 |
|
__ |
| u |
|
106a=s |
| 911 |
|
__ |
| u |
|
900l= |
| 952 |
Тип литературы |
__ |
| i |
Дисциплина |
Химия |
| 952 |
Тип литературы |
__ |
| i |
Дисциплина |
Общая химия |
| 952 |
Тип литературы |
__ |
| i |
Дисциплина |
Основы химии |
| 952 |
Тип литературы |
__ |
| i |
Дисциплина |
Химия общая |
| 952 |
Тип литературы |
__ |
| i |
Дисциплина |
Введение в химию |
| 952 |
Тип литературы |
__ |
| i |
Дисциплина |
Основы общей химии |
| 952 |
Тип литературы |
__ |
| i |
Дисциплина |
Введение в общую химию |